Prc̀tico Contratacin̤ del Sector Pb︢lico

Bibliographic Details
Main Author: Palomar, Alberto
Other Authors: Fuertes, Francisco Javier
Format: eBook
Language:Spanish
Published: Barcelona : Editorial vLex 2018 -
Subjects:
Online Access:Acceso restringido

MARC

LEADER 00000nam a22000007a 4500
005 20180503121850.0
007 cr|||| ||||
008 180503c20189999sp kr|| s|||| 0|||b1spa d
035 |a 21470 
040 |a vLex 
090 |c 7903  |d 7903 
100 1 |a Palomar, Alberto 
245 1 0 |a Prc̀tico Contratacin̤ del Sector Pb︢lico  |h [Recurso electrn̤ico] /  |c Alberto Palomar, Francisco Javier Fuertes. 
256 |a Servicio en ln̕ea 
260 |a Barcelona :  |b Editorial vLex  |c 2018 - 
300 |a 1 recurso electrn̤ico 
506 |a Disponible solo en los productos indicados  |d vLex Global  |d vLex Global (Academic Edition, excluding Law Schools)  |d vLex Global (U.S. Academic Edition, Law Schools)  |d vLex Global (U.S. Academic Edition, excluding Law Schools)  |d vLex Global (Academic Edition, Law Schools) 
650 0 4 |a Sector pb︢lico  |z Espaą 
650 0 4 |a Contratacin̤ externa  |z Espaą 
700 1 |a Fuertes, Francisco Javier 
740 0 |a vLex Revistas (Servicio en ln̕ea) 
856 4 0 |u http://vlex.com/source/practico-contratacion-sector-publico-21470  |z Acceso restringido 
942 |c REV 
999 0 |a Contracting out